Rysuj po cyfrach - Statystyki

Ogólne statystyki
  • Ten quiz został rozwiązany 33 razy
  • Średni wynik to 8 z 14
Odpowiedzi na mapie
Odpowiedzi zakodowano w zielono-czerwonej skali na mapie do tego quizu, zgodnie z poniższymi procentami.
 
Statystyki odpowiedzi
# Wskazówka Odpowiedż % Poprawnych
2 Mount Everest, Himalaje, K2 Góry
100%
3 Okrągła ,można grać nią w koszykówkę Piłka
100%
1 To jest w każdej pustyni Piasek
96%
5 Z angielskiego tłumaczy się jak FLY Mucha
92%
4 Białe, deszczowe, latają w niebie Chmury
88%
6 ...... Bengalska Zatoka
71%
7 Czarne,Czerwone,Żółte Morze
58%
14 Szumiąca,niebieska,morska Fala
50%
10 Ostra,zielona,mała Trawa
42%
12 Wielki,niebezpieczny,twardy Głaz
33%
9 Konstytucja, Zwycięstwo, Santa Maria Korabel
33%
8 Historyczny,mroczny,fajny Zamek
29%
13 Pomarańczowy,okrągły,jadalny Mandaryn
4%
11 Gusty,wielki,mieszany Las
0%
Nie znaleziono quizów pasujących do podanych kryteriów
Rozkład punktacji
Procent ludzi z każdym wynikiem
Percentyl według liczby udzielonych odpowiedzi
Twoja historia wyników
Nie rozwiązałeś tego quizu